La creatividad en la gestión de las empresas /

Guardado en:
Autor Principal: Kaufmann, A. 1911-
Otros Autores: Gil Aluja, Jaime., Gil Lafuente, Ana María.
Formato: Libro
Idioma:Spanish
Publicado: Madrid : Ediciones Pirámide, 1994.
Etiquetas: Agregar Etiqueta
Sin Etiquetas, Sea el primero en etiquetar este registro!
LEADER 00685nam a22002057a 4500
001 MAT.inmabb004165
008 951130s1994####sp#a#####b####000#0#spa##
005 20170602113724.0
245 1 3 |a La creatividad en la gestión de las empresas /  |c Arnold Kaufmann, Jaime Gil Aluja, Ana María Gil Lafuente. 
260 |a Madrid :  |b Ediciones Pirámide,  |c 1994. 
300 |a 214 p. :  |b il. ;  |c 23 cm. 
504 |a Bibliografía: p. [213]-214. 
020 |a 8436808002 
100 1 |a Kaufmann, A.  |q (Arnold),  |d 1911- 
700 1 |a Gil Aluja, Jaime. 
700 1 |a Gil Lafuente, Ana María. 
084 |a 90-XX  |2 msc2000 
010 |a  95228639  
040 |a DLC  |c DLC 
859 |h 90  |i K21c  |p A-7181  |b BIB. MATEMATICA